|
|
|
|
| LEADER |
01243nam a2200289 a 4500 |
| 001 |
916127 |
| 008 |
090727s1983 enk 001 1 eng d |
| 010 |
|
|
|a 82014095
|
| 020 |
|
|
|a 041337050X
|
| 020 |
|
|
|a 0413528901 (pbk.)
|
| 040 |
|
|
|a DLC
|c DLC
|d DLC
|
| 082 |
0 |
0 |
|a 833/.912
|2 19
|
| 100 |
1 |
|
|a Brecht, Bertolt,
|d 1898-1956.
|
| 240 |
1 |
0 |
|a Short stories.
|l English.
|k Selections
|
| 245 |
1 |
0 |
|a Collected Short stories, 1921-1946 /
|c Bertolt Brecht ; edited by John Willett and Ralph Manheim ; translated by Yvonne Kapp, Hugh Rorrison, and Antony Tatlow.
|
| 260 |
|
|
|a London ;
|a New York :
|b Methuen,
|c 1983.
|
| 300 |
|
|
|a xiii, 242 p. ;
|c 20 cm.
|
| 490 |
1 |
|
|a Plays, poetry, and prose / Bertolt Brecht
|
| 500 |
|
|
|a "Original work entitled Geschichten being Volume 11 of Gesammelte Werke of Bertolt Brecht"--T.p. verso.
|
| 500 |
|
|
|a Includes index.
|
| 541 |
1 |
|
|e 00014208
|
| 600 |
1 |
0 |
|a Brecht, Bertolt,
|d 1898-1956
|x Translations into English.
|
| 700 |
1 |
|
|a Willett, John.
|
| 700 |
1 |
|
|a Manheim, Ralph,
|d 1907-
|
| 852 |
4 |
|
|a Ayesha Abed Library
|j General shelf
|
| 999 |
|
|
|c 2928
|d 2928
|
| 952 |
|
|
|0 0
|1 0
|2 ddc
|4 0
|6 833_912000000000000_BRE
|7 0
|9 13553
|a BRACUL
|b BRACUL
|c GEN
|d 2010-12-09
|l 13
|m 40
|o 833.912 BRE
|p 3010014208
|r 2025-04-26
|s 2025-04-21
|t 1
|w 2010-12-09
|y BK
|